Marine ecosystems and climate variation : the North Atlantic : a comparative perspective (Record no. 3854)

MARC details
000 -LEADER
fixed length control field 00918nam a2200241Ia 4500
008 - FIXED-LENGTH DATA ELEMENTS--GENERAL INFORMATION
fixed length control field 191130s2004##################000#0#eng##
020 ## - INTERNATIONAL STANDARD BOOK NUMBER
International Standard Book Number 9780198507499
022 ## - INTERNATIONAL STANDARD SERIAL NUMBER
International Standard Serial Number 2004301676
040 ## - CATALOGING SOURCE
Original cataloging agency ACL
Transcribing agency ACL
082 ## - DEWEY DECIMAL CLASSIFICATION NUMBER
Classification number 577.731 STE
245 ## - TITLE STATEMENT
Title Marine ecosystems and climate variation : the North Atlantic : a comparative perspective
Statement of responsibility, etc. edited by Nils Chr. Stenseth ... [et al.]
260 ## - PUBLICATION, DISTRIBUTION, ETC.
Place of publication, distribution, etc. Oxford
Name of publisher, distributor, etc. Oxford University Press
Date of publication, distribution, etc. 2004
300 ## - PHYSICAL DESCRIPTION
Extent xii, 252 p. : ill. (some col.), maps (some col.) ; 25 cm
500 ## - GENERAL NOTE
General note Includes bibliographical references and index
650 ## - SUBJECT ADDED ENTRY--TOPICAL TERM
Topical term or geographic name entry element Climatic changes - Environmental aspects - North Atlantic Ocean
Topical term or geographic name entry element Marine animals - Climatic factors
Topical term or geographic name entry element Mudança climática (aspectos ambientais)
Topical term or geographic name entry element North Atlantic Ocean - Climate
700 ## - ADDED ENTRY--PERSONAL NAME
Personal name Stenseth, Nils Chr
990 ## - EQUIVALENCES OR CROSS-REFERENCES [LOCAL, CANADA]
Link information for 9XX fields f791d6c3ac10000c71bcbc9300e81e0a
991 ## -
-- 256147
Holdings
Withdrawn status Lost status Materials specified (bound volume or other part) Damaged status Not for loan Home library Current library Shelving location Date acquired Total Checkouts Full call number Barcode Date last seen Price effective from Koha item type
    pbk     Anna Centenary Library Anna Centenary Library 5TH FLOOR, A WING 09.10.2020   577.731 STE 290027 09.10.2020 09.10.2020 English Books

Find us on the map